Statistics for England 2018 WC Squad

Click here to take the quiz!

General Stats

  • This quiz has been taken 51 times
  • The average score is 14 of 23

Answer Stats

PositionAnswer% Correct
FW:Harry Kane
97%
FW:Raheem Sterling
95%
GK:Jordan Pickford
87%
DF:Kyle Walker
85%
FW:Jamie Vardy
79%
MF:Jordan Henderson
77%
DF:John Stones
72%
DF:Harry Maguire
69%
GK:Nick Pope
69%
DF:Kieron Trippier
67%
FW:Marcus Rashford
67%
MF:Dele Alli
62%
DF:Danny Rose
59%
MF:Eric Dier
59%
MF:Jesse Lingard
56%
GK:Jack Butland
54%
DF:Phil Jones
51%
DF:Ashley Young
44%
DF:Gary Cahill
44%
DF:Trent Alexander-Arnold
44%
FW:Danny Welbeck
41%
MF:Fabian Delph
31%
MF:Ruben Loftus-Cheek
23%

Score Distribution

Percentile by Number Answered

Percent of People with Each Score

Your Score History

You have not taken this quiz